Stemmi Squadre di calcio - La Liga - Quiz n°1 - Statistics

Statistiche generali
  • Questo quiz è stato fatto 724 volte
  • Il punteggio medio è 8 su 10
Statistiche sulle risposte
con Immagini Risposta % Corretto
Valencia Club de Fútbol
100%
Futbol Club Barcelona
93%
Unión Deportiva Almería
92%
Sevilla Fútbol Club
91%
Deportivo Alavés
90%
Club Atlético Osasuna
84%
Real Club Deportivo Mallorca
78%
Real Valladolid Club de Fútbol
67%
Real Zaragoza
62%
Villarreal Club de Fútbol
49%
Nessun quiz corrispondente trovato
Distribuzione punteggi
Percentuale di utenti per punteggio
Percentile per numero di risposta
I tuoi punteggi nel tempo
Non hai fatto questo quiz